| 000 | 00898cam a22002411 4500 | ||
|---|---|---|---|
| 001 | gs 07000437 | ||
| 003 | DLC | ||
| 005 | 20260227111305.0 | ||
| 008 | 930322s1872 nyuf 000 0 eng c | ||
| 010 | _ags 07000437 | ||
| 035 | _a(OCoLC)27773275 | ||
| 040 |
_aU.S. Geol. Survey Library _cNNM _dDLC |
||
| 042 | _apremarc | ||
| 050 | 0 | 0 |
_aQE728 _b.H17 |
| 100 | 1 |
_aHall, James, _d1811-1898. |
|
| 245 | 0 | 0 |
_aDescriptions of new species of fossils. _bFrom the Devonian rocks of Iowa; with a preliminary note on the formations. _cBy James Hall and R.P. Whitfield. |
| 260 |
_aAlbany, _bWeed, Parsons & Company, printers, _c1872. |
||
| 300 |
_a21 p. _b4 pl. _c24 cm. |
||
| 500 | _aPublished July, 1872, in advance of the 23rd report on the state cabinet. | ||
| 650 | 0 |
_aPaleontology _yDevonian. |
|
| 650 | 0 |
_aPaleontology _zIowa. |
|
| 700 | 1 |
_aWhitfield, R. P. _q(Robert Parr), _d1828-1910, _ejoint author. |
|
| 999 |
_c24578 _d24578 |
||